• 首页
  • 本馆介绍
  • 公告通知
  • 最新文献
  • 馆藏检索
  • 电子资源
  • 读者导购
  • 参考咨询
  • 我的图书馆
  • 登录
  • 详细信息显示
  • 放入我的书架
  • 预约/预借图书
  • 作者相关作品
  • 分类相关作品
  • 丛书相关作品
  • 出版社相关作品

书目信息

  • 表格格式
  • 工作单格式
  • 卡片格式
题名:
乾隆十三年
    
 
作者: 高王凌, 著
分册:  
出版信息: 北京   中国地图出版社  2019.01
页数: 229页
开本: 24cm
丛书名: 乾隆三部曲
单 册:
中图分类: K249.307
科图分类:
主题词: 清前期--qing qian qi--历史--乾隆 (1736-1795)
电子资源:
ISBN: 978-7-5204-0719-9
000 00928nam 2200277 450
001 CAL 010033603
005 20230217093113.0
010    @a978-7-5204-0719-9@dCNY49.00
100    @a20190322d2019 em y0chiy0120 ea
101 0  @achi
102    @aCN@b110000
105    @aa z 000yy
106    @ar
200 1  @a乾隆十三年@Aqian long shi san nian@f高王凌著
210    @a北京@c中国地图出版社@d2019.01
215    @a229页@c彩图@d24cm
225 2  @a乾隆三部曲@Aqian long san bu qu
300    @a经典珍藏版
314    @a高王凌, 历史学家。
330    @a本书可以说是对昔日历史的一个现代诠释, 也是对当代改革的一个历史说明。内容包括: 面对人口问题、永不加赋政策的完结、提倡工业生产等。
410  0 @12001 @a乾隆三部曲
606 0  @a清前期@Aqing qian qi@x历史@z乾隆 (1736-1795)
690    @aK249.307@v5
701  0 @a高王凌,@Agao wang ling@f1950-2018@4著
801  0 @aCN@bBJXHZP@c20230228
905    @b1396488-90@dK249.307@e149@f3
    
    乾隆十三年/高王凌著.-北京:中国地图出版社,2019.01
    229页:彩图;24cm.-(乾隆三部曲)
    经典珍藏版
    
    ISBN 978-7-5204-0719-9:CNY49.00
    本书可以说是对昔日历史的一个现代诠释, 也是对当代改革的一个历史说明。内容包括: 面对人口问题、永不加赋政策的完结、提倡工业生产等。
●
相关链接 在E读中查询图书 在五车中查询图书 在当当中查询图书 在豆瓣中查询图书


正题名:乾隆十三年     索取号:K249.307/149         预约/预借

序号 登录号 条形码 馆藏地/架位号 状态 备注
1 1396488   213964888   第二样本阅览室/ [索取号:K249.307/149] 在馆    
2 1396489   213964897   第二借阅区/ [索取号:K249.307/149] 在馆    
3 1396490   213964904   第二借阅区/ [索取号:K249.307/149] 在馆    
唐山师范学院图书馆 欢迎您!
大连网信软件有限公司© 版权所有